000 00472nam a2200157Ia 4500
008 160316s1990 xxu||||| |||| 00| 0 eng d
082 _a305.560000
_bRED - I &
100 _aReddy O Chinnappa
245 _aReport of the Karnataka third backward classes commission, Vol. 1 & 2(The justice - Journay of the Karnataka Backward Classes)
250 _a
260 _aBangalore
_bGovt. of Karnataka
_c1990
300 _a208p
_b
_c
365 _b
650 _a
700 _a
_a
999 _c25798
_d25798